00318nam a2200109Ia 4500008004100000020002100041050002200062245006200084260002100146300001100167650003000178120626s9999 xx 000 0 und d a10-3-8228-5544-8 aNK1390 D5520 2001 aDiseño del siglo XX / Edtitores Charlotte y Peter Fiell aItalia : TASCHEN a192 p. a1. Diseño - Siglo XXÌ